00520nam a2200181Ia 450000500170000000800410001702000060005808200130006410000330007724500510011025000080016126000290016930000120019865000100021094200060022095200970022699900150032320250617014128.0240331s9999 xx 000 0 und d a  bBUDa305 aBuddharakkitha himi Naramane 0aVishaka kumarikawo hewath vanithawage athpotha a2nd bAuthor Publicationc2003 a90 p ., aWomen cL 001040708LaWERCLbWERCLcSSCd2024-03-31l0o 305.4 BUDp5626r2024-03-31w2024-03-31yL c5224d5224